[Event "SVK-ch Amateurs"]
[Site "Liptovsky Jan"]
[Date "2023.06.18"]
[Round "7"]
[White "Vojtko, Imrich"]
[Black "Szaszak, Robert"]
[Result "0-1"]
[WhiteElo "1394"]
[BlackElo "1718"]
[PlyCount "116"]
[EventDate "2023.06.15"]
[EventType "swiss"]
[EventRounds "8"]
[EventCountry "SVK"]
[SourceTitle "CBM 214 Extra"]
[Source "ChessBase"]
[SourceDate "2023.07.31"]
[SourceVersion "1"]
[SourceVersionDate "2023.07.31"]
[SourceQuality "1"]

1. b3 e5 2. Bb2 Nc6 3. e4 Bc5 4. Nf3 d6 5. Bc4 h6 6. a3 Nf6 7. Nc3 Bd7 8. b4 Bb6 9. d3 Bg4 10. h3 Bh5 11. Nd5 Nd4 12. Nxb6 Nxf3+ 13. gxf3 axb6 14. Qe2 Bg6 15. 0-0-0 Nh5 16. Rdg1 Nf4 17. Qd2 Qd7 18. h4 h5 19. d4 b5 20. Bd3 f6 21. Kb1 c6 22. Qc3 b6 23. Bc1 Nxd3 24. Qxd3 Bf7 25. d5 g6 26. Rd1 c5 27. Qc3 Ra4 28. Bb2 0-0 29. Kc1 Rc8 30. Qb3 f5 31. Rdg1 f4 32. Kd2 Kh7 33. c3 Ra7 34. Ke2 Rg8 35. Rg5 Rc7 36. Qd1 Kh6 37. Rgg1 g5 38. hxg5+ Rxg5 39. Rxg5 Kxg5 40. Qg1+ Kh6 41. Rh4 Bg6 42. Qh1 cxb4 43. axb4 Ra7 44. Qc1 Qc8 45. Kf1 Ra2 46. Rh2 Qc4+ 47. Kg1 Qb3 48. Ba1 Qa3 49. Bb2 Qxb2 50. Qxb2 Rxb2 51. Kg2 Rb1 52. Kh3 Rc1 53. Kg2 Kg5 54. Rh1 Rxh1 55. Kxh1 h4 56. Kg2 Bh5 57. Kh2 Bxf3 58. Kh3 Bxe4 0-1

[Event "SVK-ch Amateurs"]
[Site "Liptovsky Jan"]
[Date "2023.06.15"]
[Round "1"]
[White "Vojtko, Imrich"]
[Black "Muller, Maxime"]
[Result "0-1"]
[WhiteElo "1394"]
[BlackElo "1974"]
[PlyCount "73"]
[EventDate "2023.06.15"]
[EventType "swiss"]
[EventRounds "8"]
[EventCountry "SVK"]
[SourceTitle "CBM 214 Extra"]
[Source "ChessBase"]
[SourceDate "2023.07.31"]
[SourceVersion "1"]
[SourceVersionDate "2023.07.31"]
[SourceQuality "1"]

1. e4 e6 2. d4 d5 3. e5 c5 4. Nf3 Nc6 5. c3 Bd7 6. Bg5 Qb6 7. b3 cxd4 8. cxd4 Bb4+ 9. Bd2 Nxd4 10. Bd3 Bxd2+ 11. Nbxd2 Ne7 12. Nxd4 Qxd4 13. Nf3 Qc3+ 14. Ke2 Ng6 15. Qd2 Qxd2+ 16. Kxd2 Rc8 17. Rac1 Ke7 18. g3 f6 19. Bxg6 hxg6 20. Nh4 Kf7 21. Nf3 g5 22. g4 Rh3 23. Ke2 Bb5+ 24. Ke3 d4+ 25. Ke4 Rxc1 26. Rxc1 Bc6+ 27. Rxc6 bxc6 28. Nxd4 Rc3 29. a4 c5 30. Nb5 Rxb3 31. Nxa7 Rb4+ 32. Kf3 Rf4+ 33. Kg3 Rxa4 34. Nb5 c4 35. Nd6+ Kg6 36. exf6 gxf6 37. Nxc4 0-1

[Event "Liptovsky Jan op"]
[Site "Liptovsky Jan"]
[Date "2022.06.24"]
[Round "2.37"]
[White "Subjakova, Kristina"]
[Black "Vojtko, Imrich"]
[Result "1-0"]
[WhiteElo "1623"]
[BlackElo "1387"]
[PlyCount "65"]
[EventDate "2022.06.23"]
[EventType "swiss"]
[EventRounds "7"]
[EventCountry "SVK"]
[SourceTitle "CBM 209 Extra"]
[Source "ChessBase"]
[SourceDate "2022.09.30"]
[SourceVersion "1"]
[SourceVersionDate "2022.09.30"]
[SourceQuality "1"]

1. e4 Nc6 2. Nf3 d6 3. Bb5 a6 4. Ba4 b5 5. Bb3 h6 6. d4 Na5 7. c3 Nxb3 8. Qxb3 Be6 9. d5 Bg4 10. Nbd2 Nf6 11. c4 Bd7 12. Nd4 bxc4 13. Qxc4 g6 14. Nc6 Qc8 15. b3 Bg7 16. Bb2 Bxc6 17. Qxc6+ Nd7 18. Bxg7 Rh7 19. Bd4 f6 20. Rc1 Kf7 21. Qxc7 Qe8 22. 0-0 h5 23. f4 h4 24. Nf3 Rh5 25. e5 Kg8 26. exd6 e5 27. fxe5 fxe5 28. Rfe1 e4 29. Rxe4 Qxe4 30. Qxd7 Rh7 31. Rc8+ Rxc8 32. Qxc8+ Qe8 33. Qxe8# 1-0

[Event "Brno op 9th"]
[Site "Brno"]
[Date "2019.11.04"]
[Round "2"]
[White "Vojtko, Imrich"]
[Black "Radsetoulal, Vlastimil"]
[Result "1/2-1/2"]
[WhiteElo "1451"]
[BlackElo "1643"]
[PlyCount "96"]
[EventDate "2019.11.03"]
[EventType "swiss"]
[EventRounds "7"]
[EventCountry "CZE"]
[SourceTitle "CBM 193 Extra"]
[Source "ChessBase"]
[SourceDate "2020.01.31"]
[SourceVersion "1"]
[SourceVersionDate "2020.01.31"]
[SourceQuality "1"]

1. d4 d5 2. g3 c6 3. h3 Nf6 4. Bg2 Bf5 5. Nc3 e6 6. Bd2 Bd6 7. Nf3 Nbd7 8. Nh4 Be4 9. Bg5 Bxg2 10. Nxg2 Qb6 11. Rb1 Qa5 12. 0-0 0-0 13. Bd2 Qb6 14. a3 Qxd4 15. Qe1 Ne5 16. Be3 Qc4 17. Bf4 Ne4 18. Ne3 Qc5 19. Nxe4 dxe4 20. Qc1 Rad8 21. Rd1 Ng6 22. Bxd6 Rxd6 23. Rxd6 Qxd6 24. Qd1 Qe7 25. Qd4 Rd8 26. Qxe4 Qg5 27. Rd1 Rxd1+ 28. Nxd1 f5 29. Qxe6+ Kf8 30. e3 f4 31. Qd6+ Ke8 32. exf4 Qf5 33. Kh2 Qxc2 34. Qb8+ Kf7 35. Qxb7+ Kf6 36. Qd7 Nf8 37. Qd4+ Kg6 38. Kg2 c5 39. Qd6+ Kf7 40. Qd5+ Ne6 41. Qd7+ Kf6 42. Ne3 Qe4+ 43. Kh2 Nd4 44. Nd5+ Kg6 45. Ne7+ Kf6 46. Ng8+ Kg6 47. Ne7+ Kf6 48. Nd5+ Kg6 1/2-1/2